书目信息 |
| 题名: |
湿地旅游的美学思考
|
|
| 作者: | 宋薇 著 | |
| 分册: | ||
| 出版信息: | 北京 人民出版社 2015.02 |
|
| 页数: | 174页 | |
| 开本: | 24cm | |
| 丛书名: | ||
| 单 册: | ||
| 中图分类: | F592.722 | |
| 科图分类: | ||
| 主题词: | 旅游经济 | |
| 电子资源: | ||
| ISBN: | 978-7-01-013451-2 | |
| 000 | 00905nam0 2200217 45 | |
| 001 | 2159173820 | |
| 005 | 20210329162845.21 | |
| 010 | @a978-7-01-013451-2@dRMB 25.00 | |
| 100 | @a20210329d2015 km y0chiy0120 ea | |
| 101 | 0 | @achi |
| 102 | @aCN@b110000 | |
| 200 | 1 | @a湿地旅游的美学思考@Ashi di lu you de mei xue si kao@e以河北省白洋淀与衡水湖为例@f宋薇著@Fsong wei zhu |
| 210 | @a北京@c人民出版社@d2015.02 | |
| 215 | @a174页@d24cm | |
| 330 | @a本书分为5章, 对湿地旅游中的问题、湿地的审美价值与景观设计、湿地鉴赏与湿地审美教育、并对河北省两大湿地进行深入的个案分析, 对旅游中的问题, 尤其对湿地旅游中存在的审美问题进行了深入反思, 并提出了解决的思路与可行性方法。 | |
| 517 | @a以河北省白洋淀与衡水湖为例@Ayi he bei sheng bai yang dian yu heng shui hu wei li | |
| 606 | 0 | @a旅游经济 |
| 690 | @aF592.722@v4 | |
| 701 | 0 | @a宋薇@Asong wei@4著 |
| 801 | 0 | @aCN@bPFT@c20210329 |
| 905 | @a10447@dF592.722@eS782 | |
| 湿地旅游的美学思考:以河北省白洋淀与衡水湖为例/宋薇著.-北京:人民出版社,2015.02 |
| 174页;24cm |
| ISBN 978-7-01-013451-2:RMB 25.00 |
| 本书分为5章, 对湿地旅游中的问题、湿地的审美价值与景观设计、湿地鉴赏与湿地审美教育、并对河北省两大湿地进行深入的个案分析, 对旅游中的问题, 尤其对湿地旅游中存在的审美问题进行了深入反思, 并提出了解决的思路与可行性方法。 |
| ● |
| 相关链接 |
|
|
|
正题名:湿地旅游的美学思考
索取号:F592.722/S782
 
预约/预借
| 序号 | 登录号 | 条形码 | 馆藏地/架位号 | 状态 | 备注 |
| 1 | 1498573 | 214985738 | 生命科学与工程学院资料室/ [索取号:F592.722/S782] | 在馆 |